• 首页
  • 本馆介绍
  • 公告通知
  • 最新文献
  • 馆藏检索
  • 电子资源
  • 读者导购
  • 参考咨询
  • 我的图书馆
  • 登录
  • 详细信息显示
  • 放入我的书架
  • 预约/预借图书
  • 作者相关作品
  • 分类相关作品
  • 丛书相关作品
  • 出版社相关作品

书目信息

  • 表格格式
  • 工作单格式
  • 卡片格式
题名:
行政法学
    
 
作者: 王连昌 主编
分册:  
出版信息: 北京   中国政法大学出版社  1994
页数: 355页
开本: 20cm
丛书名:
单 册:
中图分类: D922.101 , D109.0
科图分类: 35.22
主题词: 行政法--中国--高等学校--教材 , 国际共产主义运动
电子资源:
ISBN: 7-5620-1139-7
000 00712nam0 2200253 45
001 2661847374
005 20260407172004.38
010    @a7-5620-1139-7@dCNY8.95
100    @a19980318d1994 em y0chiy0121 ea
101 0  @achi
102    @aCN@b110000
105    @ay zn 000yy
200 10 @a行政法学@Axing zheng fa xue@f王连昌主编
210    @a北京@c中国政法大学出版社@d1994
215    @a355页@d20cm
300    @a高等政法院校规划教材 司法部法学教材编辑部编审
606    @a行政法@y中国@x高等学校@x教材
606 0  @a国际共产主义运动
690    @aD922.101@v3
690    @aD109.0@v4
692    @a35.22@v2
701  0 @a王连昌@Awang lian chang@4主编
801  0 @aCN@bTSSF@c19980401
905    @aZUCC@dD109.0@e94
    
    行政法学/王连昌主编.-北京:中国政法大学出版社,1994
    355页;20cm
    高等政法院校规划教材 司法部法学教材编辑部编审
    
    ISBN 7-5620-1139-7:CNY8.95
    
●
相关链接 在E读中查询图书 在五车中查询图书 在当当中查询图书 在豆瓣中查询图书


正题名:行政法学     索取号:D109.0/94         预约/预借

序号 登录号 条形码 馆藏地/架位号 状态 备注
1 1442420   214424201   第一样本阅览室/ [索取号:D109.0/94] 在馆    
唐山师范学院图书馆 欢迎您!
大连网信软件有限公司© 版权所有